000
00254nam a22001217a 4500
041
_a
ENG
100
_a
Purohit
245
_a
Thermal Engineering
260
_a
Jodhpur
_b
Scientific Pub
_c
1999
300
_a
1290
650
_a
APE
856
_u
APE (10 )
999
_c
1755
_d
1755